000 00592nam a2200205Ia 4500
005 20250508170257.0
008 008 250505s9999 xx 000 0 eng d
020 _a978-1-5443-4008-1
037 _aTextBook
040 _aFEDL
_beng
_cFEDL
041 _aeng
_2eng
084 _a371.39, MUK/R
_qFEDL
100 _aMukhopadhyay Marmar
245 0 _aEducational technology for teachers: Technology integrated education
260 _aDelhi, India
_bShipra
_c2022
300 _axxvi, 586p.
365 _aINR
_b3600
942 _cTB
_h371.39, MUK/R
999 _c1400167
_d1400167